Państwa Afryki Południowej - Statystyki

Ogólne statystyki
  • Ten quiz został rozwiązany 15 razy
  • Średni wynik to 12 z 14
Statystyki odpowiedzi
Państwo % Poprawnych
Botswana
100%
Angola
93%
Lesotho
93%
Namibia
93%
Republika Południowej Afryki
93%
Zambia
93%
Zimbabwe
93%
Eswatini
87%
Madagaskar
87%
Mozambik
87%
Malawi
73%
Seszele
73%
Komory
60%
Mauritius
60%
Nie znaleziono quizów pasujących do podanych kryteriów
Rozkład punktacji
Procent ludzi z każdym wynikiem
Percentyl według liczby udzielonych odpowiedzi
Twoja historia wyników
Nie rozwiązałeś tego quizu